000 00352nam a2200145 a 4500
008 970603s1965||||xx 0 und c
040 _aSNK
_bslo
_cSNK
_eAACR2
100 1 _aRosenbaum, Karol
245 1 0 _aSlovenská kultúra 1945-1965
260 _aBratislava
_bObzor
_c1965
300 _a156 s.
020 _c16,50
041 _aslo
044 _axo
_cSK
999 _c19142
_d19142